00664 2200217 4500001002100000005001500021035002000036007000300056008004100059020002200100082001600122084002200138100003400160245005100194250002000245260006500265300003100330650003900361650002800400856001800428INLIS00000000000094820250713091315 a0010-0725000948ta250713 a 0 ind  a978-623-307-280-9 a398.209 598 a398.209 598 CAM n0 aAll children reading Cambodia1 aNafi dan bora /cAll children reading Cambodia aCetakan Pertama aRawamangun :bBadan Pengembangan dan Pembinaan Bahasa,c2022 a20 hlm. :bIlus. ;c21 cm. 4aCerita Anak Indonesia - Terjemahan 4aLiterasi - Bahan bacaan aTBM AS SUHADA